|
|
|
|
| LEADER |
00000nam0a2200000 4500 |
| 001 |
237619 |
| 005 |
20231031204911.0 |
| 010 |
|
|
|a 9785699390953
|
| 035 |
|
|
|a (RuTPU)RU\TPU\book\258794
|
| 090 |
|
|
|a 237619
|
| 100 |
|
|
|a 20130516d2009 m y0rusy50 ca
|
| 101 |
0 |
|
|a rus
|
| 102 |
|
|
|a RU
|
| 105 |
|
|
|a y z 000ay
|
| 200 |
1 |
|
|a 2012. Лава и пепел
|e роман
|f Д. Грин
|
| 210 |
|
|
|a Москва
|c Эксмо
|d 2009
|
| 215 |
|
|
|a 320 с.
|
| 225 |
1 |
|
|a Военно-историческая фантастика
|
| 330 |
|
|
|a Сбылись самые страшные пророчества о конце света. Чудовищное извержение Йеллоустонского супервулкана, равное по мощи миллиардам Везувиев и миллиону Хиросим, поставило человечество на грань полного уничтожения. Пол-Америки залито лавой, полмира засыпано ядовитым пеплом, солнечному свету не пробиться сквозь дым пожарищ и пепельные тучи, на Землю опускается вечная ночь и многолетняя зима. Тем, кому повезло спастись от испепеляющего огня с небес, грозит еще более мучительная смерть от голода и холода...
|
| 606 |
1 |
|
|a Русская литература
|2 stltpush
|3 (RuTPU)RU\TPU\subj\26373
|
| 610 |
1 |
|
|a фантастические романы
|
| 610 |
1 |
|
|a фэнтези
|
| 610 |
1 |
|
|a приключения
|
| 675 |
|
|
|a Р2
|v 3
|
| 700 |
|
1 |
|a Грин
|b Д.
|g Дэн
|
| 801 |
|
1 |
|a RU
|b 63413507
|c 20130516
|
| 801 |
|
2 |
|a RU
|b 63413507
|c 20130520
|g RCR
|
| 942 |
|
|
|c BK
|